000 01666nam a2200337 a 4500
001 BRCA_3252
005 20190320204204.0
008 110309s1820----enka---###---#000-0#eng-#
041 _aeng
044 _aenk
084 _a553
_b.R63
_c1820
100 1 _aCervantes Saavedra, Miguel de
_d1547-1616
_9213
245 1 0 _aThe Life and Adventures of Don Quixote de la Mancha
_cA new Edition Translated by Charles Jarvis.
260 _aLondres
_bHurst Robinson and Co.
_c1820
300 _a4 v.
_bil.
_c17 cm.
500 _aContenido : v.1 Primera parte. Vida de Cervantes extractada de la escrita por Mayáns. Prólogo del autor. Notas. -- v.2. Texto. -- v.3. Segunda parte. Prólogo del autor. Notas. -- v.4. Texto
500 _aEdición : With Engravings from Designs by Richard Westall
500 _aBonita edición de la versión de Smollett, pulcramente impresa. Tomó por modelo la edición de 1811 del mismo traductor, y está adornada con láminas grabadas por Ch. Heath, sobre los dibujos de Westall. Piel; planos orlados, lomos decorados con dorados; cortes dorados también Lúdovik Osterc
500 _aNotas al final de cada volumen
500 _aQM442
546 _aTexto en : inglés
650 1 4 _aNovela española
_yÉpoca clásica, 1500-1700
_9215
650 1 4 _aLiteratura española
_yÉpoca clásica, 1500-1700
_9216
650 1 4 _aNovela española
_ySiglo XVII
_9217
650 1 4 _aDon Quijote (Personaje ficticio)
_eNovela
_9218
700 1 _aJarvis, Charles
_d?-1739
_eTraductor
_98662
700 1 _aWestall, Richard
_d1765-1836
_eIlustrador
_98663
740 0 _aEl Ingenioso Hidalgo Don Quijote de la Mancha
902 _aQFM
942 _2lcc
_cB
999 _c2988
_d2988